00000000cas 2200000zi 4500
0019.957332
003CaOODSP
00520251119103203
006m     o  d f      
007cr |||||||||||
008251114c20229999oncar p o    f0###b0fre|d
040 |aCaOODSP|bfre|erda|cCaOODSP
043 |an-cn---
0861 |aCS4-9F-PDF|zCS2-55/2023F-PDF
24500|aRapport sur les réalisations liées aux données désagrégées ... / |cStatistique Canada.
264 1|a[Ottawa] : |bStatistique Canada = Statistics Canada, |c[2022]-
310 |aAnnuel
336 |atexte|btxt|2rdacontent/fre
337 |ainformatique|bc|2rdamedia/fre
338 |aressource en ligne|bcr|2rdacarrier/fre
3621 |aParaît depuis : 2021/2022.
500 |aPublié aussi en anglais sous le titre : Disaggregated data accomplishments report.
500 |aLe sous-titre varie.
588 |aDescription d'après : 2021/2022.
588 |aDernière livraison consultée : 2023/2024.
650 6|aStatistiques|xNormes|zCanada|vPériodiques.
651 6|aCanada |xServices statistiques |vPériodiques.
655 7|aPériodiques|2rvmgf
7102 |aStatistique Canada, |eorganisme de publication.
77508|tDisaggregated data accomplishments report ... / |w(CaOODSP)9.957328